|
|
|
|
| LEADER |
01656nam a22002777a 4500 |
| 001 |
28236 |
| 003 |
BD-DhAAL |
| 005 |
20151111020001.0 |
| 008 |
141113s2012 bg 000 0 eng d |
| 020 |
|
|
|a 9789849018353
|
| 040 |
|
|
|a BD-DhAAL
|c BD-DhAAL
|
| 082 |
|
|
|2 22
|a 918.2
|
| 100 |
|
|
|a সায়ীদ, আবদুল্লাহ আবু
|9 5304
|
| 245 |
|
|
|a বক্তৃতা সংগ্রহ [ প্রথম খণ্ড ] /
|c আবদুল্লাহ আবু সায়ীদ।
|
| 260 |
|
|
|a ঢাকা :
|b সময় প্রকাশন,
|c ২০১৩
|
| 300 |
|
|
|a ১৮৬ পৃ. :
|c ২১ সে. মি.
|
| 541 |
|
|
|e 28236
|
| 650 |
|
|
|a Literature
|x Societies, etc.
|9 5305
|
| 650 |
|
|
|a সাহিত্য
|x সমাজ
|9 5306
|
| 852 |
|
|
|a Ayesha Abed Library
|c General Stacks
|
| 942 |
|
|
|2 ddc
|c BK
|0 2
|
| 999 |
|
|
|c 33032
|d 33032
|
| 952 |
|
|
|0 0
|1 0
|2 ddc
|4 0
|6 918_200000000000000_SAY
|7 0
|9 44033
|a BRACUL
|b BRACUL
|c GEN
|d 2014-11-13
|e Karim International
|g 290.00
|l 3
|m 6
|o 918.2 SAY
|p 3010028236
|r 2022-12-06
|s 2022-11-07
|t 1
|w 2014-11-13
|y BK
|
| 952 |
|
|
|0 0
|1 0
|2 ddc
|4 0
|6 918_200000000000000_SAY
|7 0
|9 44034
|a BRACUL
|b BRACUL
|c GEN
|d 2014-11-13
|e Karim International
|g 290.00
|l 2
|o 918.2 SAY
|p 3010028237
|r 2022-04-05
|s 2022-03-22
|t 2
|w 2014-11-13
|y BK
|
| 952 |
|
|
|0 0
|1 0
|2 ddc
|4 0
|6 918_200000000000000_SAY
|7 0
|9 44035
|a BRACUL
|b BRACUL
|c GEN
|d 2014-11-13
|e Karim International
|g 290.00
|l 2
|m 2
|o 918.2 SAY
|p 3010028238
|r 2019-04-24
|s 2019-04-08
|t 3
|w 2014-11-13
|y BK
|
| 952 |
|
|
|0 0
|1 0
|2 ddc
|4 0
|6 918_200000000000000_SAY
|7 0
|9 44036
|a BRACUL
|b BRACUL
|c GEN
|d 2014-11-13
|e Karim International
|g 290.00
|l 2
|m 15
|o 918.2 SAY
|p 3010028239
|q 2026-05-17
|r 2026-02-19
|s 2026-02-19
|t 4
|w 2014-11-13
|y BK
|